| 000 | 00752cam a22002417i 4500 | ||
|---|---|---|---|
| 001 | 17215063 | ||
| 005 | 20180302081848.0 | ||
| 008 | 120317s2007 kyua 000 0 eng | ||
| 010 | _a 2011410773 | ||
| 020 | _a9781583741740 | ||
| 040 |
_aDLC _beng _erda _cDLC |
||
| 041 | _aeng | ||
| 042 | _apcc | ||
| 080 | _a37 BLA | ||
| 082 | _a37 BLA | ||
| 100 | 1 | _a25 | |
| 101 | _aEDU | ||
| 245 | 1 | 0 |
_aPASSPORT TO YOUR CAREER / _cAuthors, Linda L. Blair, RN, BSN, MEd, Dean, Spencerian Colledge, Louisville, Kentucky and 2 others. |
| 504 | _aIncludes bibliographical references (pages 117-118). | ||
| 906 |
_a7 _bcbc _corignew _d4 _encip _f20 _gy-gencatlg |
||
| 942 |
_2ddc _cBK |
||
| 999 |
_c44069 _d44069 |
||